[Event "MCR mladeze v rapidu 2019"]
[Site "Trest"]
[Date "2019.09.07"]
[Round "3"]
[White "Trasakova, Adela"]
[Black "Hosova, Sandra"]
[Result "1-0"]
[BlackElo "1581"]
[WhiteElo "1656"]
[LiveChessVersion "1.4.8"]

1. d4 {[%clk 0:20:08]} d5 {[%clk 0:20:09]} 2. Bf4 {[%clk 0:20:11]} c6
{[%clk 0:20:13]} 3. e3 {[%clk 0:20:12]} e6 {[%clk 0:20:15]} 4. c3
{[%clk 0:20:07]} Nf6 {[%clk 0:20:16]} 5. Nf3 {[%clk 0:19:55]} Nbd7
{[%clk 0:20:17]} 6. Bd3 {[%clk 0:19:50]} Be7 {[%clk 0:20:12]} 7. Ne5
{[%clk 0:19:36]} O-O {[%clk 0:20:06]} 8. Nd2 {[%clk 0:19:30]} Nxe5
{[%clk 0:19:50]} 9. dxe5 {[%clk 0:18:18]} Nd7 {[%clk 0:19:43]} 10. Qh5
{[%clk 0:17:53]} g6 {[%clk 0:18:05]} 11. Qh3 {[%clk 0:16:56]} Qc7
{[%clk 0:17:20]} 12. Nf3 {[%clk 0:16:03]} Nc5 {[%clk 0:16:37]} 13. Bc2
{[%clk 0:15:02]} Rd8 {[%clk 0:15:38]} 14. Bg5 {[%clk 0:13:23]} Bxg5
{[%clk 0:14:29]} 15. Nxg5 {[%clk 0:13:21]} h5 {[%clk 0:12:43]} 16. f4
{[%clk 0:11:45]} Qb6 {[%clk 0:12:18]} 17. O-O-O {[%clk 0:10:54]} Kg7
{[%clk 0:11:13]} 18. g4 {[%clk 0:08:27]} Rh8 {[%clk 0:10:46]} 19. Rde1
{[%clk 0:07:11]} a5 {[%clk 0:10:02]} 20. gxh5 {[%clk 0:05:44]} Rxh5
{[%clk 0:09:52]} 21. Qf3 {[%clk 0:05:29]} a4 {[%clk 0:08:52]} 22. a3
{[%clk 0:03:38]} Nb3+ {[%clk 0:08:24]} 23. Bxb3 {[%clk 0:03:37]} Qxb3
{[%clk 0:08:12]} 24. Kb1 {[%clk 0:03:19]} Qc4 {[%clk 0:07:21]} 25. Qe2
{[%clk 0:02:40]} Qc5 {[%clk 0:06:51]} 26. Reg1 {[%clk 0:02:26]} Rh8
{[%clk 0:06:29]} 27. h4 {[%clk 0:02:20]} Kf8 {[%clk 0:05:29]} 28. h5
{[%clk 0:01:49]} gxh5 {[%clk 0:04:22]} 29. Rxh5 {[%clk 0:01:52]} Rg8
{[%clk 0:03:45]} 30. Nh7+ {[%clk 0:01:44]} Ke7 {[%clk 0:03:30]} 31. Rxg8
{[%clk 0:01:45]} b5 {[%clk 0:03:21]} 32. Nf6 {[%clk 0:01:41]} Bb7
{[%clk 0:03:09]} 33. Rxa8 {[%clk 0:01:42]} Bxa8 {[%clk 0:03:13]} 34. Rh8
{[%clk 0:01:44]} 1-0

[Event "MCR mladeze v rapidu 2019"]
[Site "Trest"]
[Date "2019.09.07"]
[Round "3"]
[White "Farkova, Katerina"]
[Black "Voriskova, Anna"]
[Result "0-1"]
[BlackElo "1591"]
[WhiteElo "1448"]
[LiveChessVersion "1.4.8"]

1. e4 {[%clk 0:20:08]} c5 {[%clk 0:20:06]} 2. d4 {[%clk 0:20:10]} cxd4
{[%clk 0:20:08]} 3. c3 {[%clk 0:20:14]} d3 {[%clk 0:20:07]} 4. Bxd3
{[%clk 0:20:07]} Nc6 {[%clk 0:19:56]} 5. Nf3 {[%clk 0:20:09]} g6 {[%clk 0:19:52]}
6. O-O {[%clk 0:20:06]} Bg7 {[%clk 0:19:54]} 7. Re1 {[%clk 0:19:56]} d6
{[%clk 0:19:25]} 8. Qb3 {[%clk 0:19:30]} Nf6 {[%clk 0:18:50]} 9. Bg5
{[%clk 0:19:21]} O-O {[%clk 0:18:35]} 10. Nbd2 {[%clk 0:19:18]} Nd7
{[%clk 0:18:20]} 11. Nf1 {[%clk 0:18:15]} Nc5 {[%clk 0:18:12]} 12. Qc2
{[%clk 0:18:04]} Nxd3 {[%clk 0:17:59]} 13. Qxd3 {[%clk 0:18:06]} f5
{[%clk 0:15:41]} 14. exf5 {[%clk 0:17:26]} Bxf5 {[%clk 0:15:43]} 15. Qc4+
{[%clk 0:16:11]} Kh8 {[%clk 0:14:49]} 16. Ng3 {[%clk 0:15:40]} Qd7
{[%clk 0:14:07]} 17. Qh4 {[%clk 0:14:48]} Rae8 {[%clk 0:09:29]} 18. Bh6
{[%clk 0:13:43]} e6 {[%clk 0:08:38]} 19. Rad1 {[%clk 0:13:04]} Bxh6
{[%clk 0:08:00]} 20. Qxh6 {[%clk 0:13:06]} Bg4 {[%clk 0:07:34]} 21. Ne4
{[%clk 0:12:19]} Bxf3 {[%clk 0:07:10]} 22. gxf3 {[%clk 0:09:07]} Ne5
{[%clk 0:06:54]} 23. Rf1 {[%clk 0:07:22]} Nxf3+ {[%clk 0:06:53]} 24. Kg2
{[%clk 0:07:19]} Qc6 {[%clk 0:06:06]} 25. Qe3 {[%clk 0:06:30]} Nh4+
{[%clk 0:06:00]} 26. Kg1 {[%clk 0:05:43]} Nf3+ {[%clk 0:05:43]} 27. Kg2
{[%clk 0:05:13]} d5 {[%clk 0:04:54]} 28. Ng5 {[%clk 0:04:06]} d4 {[%clk 0:04:37]}
29. Qxf3 {[%clk 0:02:30]} Rxf3 {[%clk 0:04:38]} 30. Nxf3 {[%clk 0:02:34]} dxc3
{[%clk 0:04:25]} 31. bxc3 {[%clk 0:02:28]} e5 {[%clk 0:04:01]} 32. Rfe1
{[%clk 0:01:39]} e4 {[%clk 0:03:24]} 33. Nd4 {[%clk 0:01:39]} Qf6
{[%clk 0:02:29]} 34. Re3 {[%clk 0:01:28]} Rf8 {[%clk 0:02:28]} 35. Rf1
{[%clk 0:01:11]} Qg5+ {[%clk 0:02:21]} 36. Rg3 {[%clk 0:00:55]} Qd5
{[%clk 0:02:11]} 37. Kg1 {[%clk 0:00:33]} Qxa2 {[%clk 0:02:11]} 38. Re3
{[%clk 0:00:29]} Qd5 {[%clk 0:02:06]} 39. Rfe1 {[%clk 0:00:28]} Qg5+
{[%clk 0:02:02]} 40. Rg3 {[%clk 0:00:31]} Qf6 {[%clk 0:01:47]} 41. Rg2
{[%clk 0:00:21]} Re8 {[%clk 0:01:44]} 42. Rg4 {[%clk 0:00:17]} Re5
{[%clk 0:00:41]} 0-1

[Event "MCR mladeze v rapidu 2019"]
[Site "Trest"]
[Date "2019.09.07"]
[Round "3"]
[White "Pejrimovska, Viola Ruby"]
[Black "Sulcova, Tereza Radmila"]
[Result "0-1"]
[BlackElo "1580"]
[WhiteElo "1585"]
[LiveChessVersion "1.4.8"]

1. e4 e6 2. Nf3 d5 3. e5 c5 4. b4 Nc6 {[%clk 0:20:03]} 5. bxc5 {[%clk 0:20:07]}
d4 {[%clk 0:20:03]} 6. Bc4 {[%clk 0:20:07]} Bxc5 {[%clk 0:20:03]} 7. O-O
{[%clk 0:20:07]} Qc7 {[%clk 0:20:03]} 8. c3 {[%clk 0:20:07]} Nxe5
{[%clk 0:20:03]} 9. Nxe5 {[%clk 0:20:07]} Qxe5 {[%clk 0:15:47]} 10. Bb5+
{[%clk 0:18:03]} Kf8 {[%clk 0:15:27]} 11. Na3 {[%clk 0:16:28]} a6
{[%clk 0:15:23]} 12. Be2 {[%clk 0:14:35]} b5 {[%clk 0:13:06]} 13. Bf3
{[%clk 0:13:47]} Ra7 {[%clk 0:12:55]} 14. cxd4 {[%clk 0:11:21]} Bxd4
{[%clk 0:12:05]} 15. Rb1 {[%clk 0:10:02]} Rd7 {[%clk 0:11:56]} 16. Re1
{[%clk 0:08:59]} Qc5 {[%clk 0:11:48]} 17. Re2 {[%clk 0:08:18]} Ne7
{[%clk 0:10:03]} 18. Nc2 {[%clk 0:08:00]} Bf6 {[%clk 0:09:32]} 19. Ba3
{[%clk 0:08:01]} Qg5 {[%clk 0:07:11]} 20. Ne3 {[%clk 0:06:58]} g6
{[%clk 0:06:33]} 21. Ng4 {[%clk 0:05:59]} Bc3 {[%clk 0:05:14]} 22. Qc2
{[%clk 0:03:15]} b4 {[%clk 0:04:27]} 23. Bxb4 {[%clk 0:02:51]} Bxb4
{[%clk 0:04:30]} 24. Rxb4 {[%clk 0:02:52]} a5 {[%clk 0:03:22]} 25. Rb8
{[%clk 0:02:47]} Rd8 {[%clk 0:01:45]} 26. Qc3 {[%clk 0:02:37]} Kg8
{[%clk 0:01:14]} 27. Nf6+ {[%clk 0:02:36]} Kf8 {[%clk 0:01:16]} 28. Ne4
{[%clk 0:02:26]} Qf4 {[%clk 0:00:08]} 29. Qxh8+ {[%clk 0:02:09]} Ng8
{[%clk 0:00:13]} 30. Qb2 {[%clk 0:02:11]} Ne7 {[%clk 0:00:09]} 31. Qb6
{[%clk 0:00:42]} Re8 {[%clk 0:00:10]} 32. Nd6 {[%clk 0:00:24]} Qf6
{[%clk 0:00:08]} 0-1

[Event "MCR mladeze v rapidu 2019"]
[Site "Trest"]
[Date "2019.09.07"]
[Round "3"]
[White "Strnadova, Monika"]
[Black "Stastna, Martina"]
[Result "1-0"]
[BlackElo "1657"]
[WhiteElo "1548"]
[LiveChessVersion "1.4.8"]

1. e4 e5 2. Nf3 Nc6 3. Bc4 Bc5 4. c3 Nf6 5. d4 exd4 6. cxd4 Bb4+ 7. Bd2 Bxd2+ 8.
Nbxd2 d6 9. O-O O-O 10. Re1 Bg4 11. Qc2 Bxf3 12. Nxf3 d5 13. exd5 Nxd5 14. Qf5
Nce7 15. Qg5 Nf6 16. Qh4 Ng6 17. Qg5 Qd7 18. Ne5 Qxd4 19. Rad1 Qc5 20. Bxf7+ Rxf7
21. Nxf7 Qb6 22. Ne5 Qa5 23. a3 Rf8 24. Qd2 Qxd2 25. Rxd2 Re8 26. Rde2 Nf4 27.
Re3 N4d5 28. Rd3 Nf4 29. Rdd1 N4d5 30. Nd3 Rf8 31. Nc5 c6 32. h3 b6 33. Ne6 Rc8
34. Nd4 c5 35. Nb5 a6 36. Nd6 Rd8 37. Nf5 Rf8 38. Re5 Kf7 39. Rdxd5 Nxd5 1-0

[Event "MCR mladeze v rapidu 2019"]
[Site "Trest"]
[Date "2019.09.07"]
[Round "3"]
[White "Paseka, Matyas"]
[Black "Simunek, Jakub Simon"]
[Result "1-0"]
[BlackElo "1608"]
[WhiteElo "2119"]
[LiveChessVersion "1.4.8"]

1. e4 {[%clk 0:20:08]} e6 {[%clk 0:20:07]} 2. d4 {[%clk 0:20:11]} d5
{[%clk 0:20:11]} 3. Nd2 {[%clk 0:20:15]} a6 {[%clk 0:20:13]} 4. c3
{[%clk 0:20:09]} c5 {[%clk 0:20:14]} 5. exd5 {[%clk 0:20:00]} exd5
{[%clk 0:20:17]} 6. Ngf3 {[%clk 0:19:54]} Nc6 7. Bd3 {[%clk 0:19:22]} Nf6
{[%clk 0:20:03]} 8. O-O {[%clk 0:19:16]} cxd4 {[%clk 0:19:09]} 9. Re1+
{[%clk 0:18:51]} Be7 {[%clk 0:19:13]} 10. Nxd4 {[%clk 0:18:54]} O-O
{[%clk 0:19:05]} 11. N2f3 {[%clk 0:18:29]} Bg4 {[%clk 0:18:38]} 12. h3
{[%clk 0:17:57]} Bh5 {[%clk 0:17:52]} 13. Qb3 {[%clk 0:16:55]} Qc7
{[%clk 0:16:37]} 14. Bg5 {[%clk 0:16:25]} Bxf3 {[%clk 0:15:48]} 15. Nxf3
{[%clk 0:16:21]} Na5 {[%clk 0:14:25]} 16. Qc2 {[%clk 0:15:51]} h6
{[%clk 0:14:11]} 17. Bf4 {[%clk 0:15:08]} Bd6 {[%clk 0:13:47]} 18. Bxd6
{[%clk 0:14:49]} Qxd6 {[%clk 0:13:47]} 19. Nd4 {[%clk 0:14:53]} Rfe8
{[%clk 0:13:25]} 20. Rad1 {[%clk 0:13:31]} Qc7 {[%clk 0:12:09]} 21. Qc1
{[%clk 0:08:59]} Nc6 {[%clk 0:10:33]} 22. Nf5 {[%clk 0:08:23]} Rac8
{[%clk 0:09:04]} 23. Rxe8+ {[%clk 0:07:31]} Rxe8 {[%clk 0:09:06]} 24. Re1
{[%clk 0:07:35]} Ne5 {[%clk 0:07:53]} 25. Bb1 {[%clk 0:07:16]} Qc5
{[%clk 0:05:22]} 26. Nd4 {[%clk 0:06:13]} Re7 {[%clk 0:04:40]} 27. Qf4
{[%clk 0:04:33]} Nc6 {[%clk 0:01:49]} 28. Rxe7 {[%clk 0:03:00]} Qxe7
{[%clk 0:01:52]} 29. Nxc6 {[%clk 0:02:32]} bxc6 {[%clk 0:01:53]} 30. Qb8+
{[%clk 0:02:36]} Qf8 {[%clk 0:01:53]} 31. Qb7 {[%clk 0:02:07]} Qe8
{[%clk 0:01:54]} 32. Qxa6 {[%clk 0:02:04]} Qe1+ {[%clk 0:01:47]} 33. Qf1
{[%clk 0:02:08]} Qd2 {[%clk 0:01:38]} 34. Qd3 {[%clk 0:00:21]} Qxb2
{[%clk 0:01:26]} 35. Qc2 {[%clk 0:00:25]} Qb6 {[%clk 0:00:54]} 36. Qb3
{[%clk 0:00:17]} Qc7 {[%clk 0:00:31]} 37. Bd3 {[%clk 0:00:16]} c5
{[%clk 0:00:29]} 38. Bc2 {[%clk 0:00:16]} Kf8 {[%clk 0:00:15]} 39. a4
{[%clk 0:00:15]} Ke7 {[%clk 0:00:14]} 40. Qb5 {[%clk 0:00:15]} d4 41. a5
{[%clk 0:00:07]} dxc3 {[%clk 0:00:07]} 42. a6 {[%clk 0:00:06]} Nd7
{[%clk 0:00:06]} 43. Qe2+ {[%clk 0:00:10]} Kd8 {[%clk 0:00:10]} 44. Qc4
{[%clk 0:00:13]} Ke7 {[%clk 0:00:07]} 45. Qxc3 {[%clk 0:00:16]} Qb6
{[%clk 0:00:08]} 46. Qe1+ {[%clk 0:00:16]} Kd8 {[%clk 0:00:10]} 47. Qa1
{[%clk 0:00:20]} Qa7 {[%clk 0:00:11]} 48. Qa5+ {[%clk 0:00:24]} Ke7
{[%clk 0:00:14]} 49. Bd3 {[%clk 0:00:23]} Kd6 {[%clk 0:00:14]} 50. Bf1
{[%clk 0:00:26]} Kd5 {[%clk 0:00:14]} 51. Qa2+ {[%clk 0:00:25]} Kc6
{[%clk 0:00:15]} 52. Qxf7 {[%clk 0:00:27]} Qb6 {[%clk 0:00:11]} 53. Qxg7
{[%clk 0:00:25]} Nb8 {[%clk 0:00:11]} 54. Qxh6+ {[%clk 0:00:28]} Kc7
{[%clk 0:00:15]} 55. Qg7+ {[%clk 0:00:18]} Kc6 {[%clk 0:00:18]} 56. a7
{[%clk 0:00:18]} Qb7 {[%clk 0:00:16]} 57. Qxb7+ {[%clk 0:00:14]} 1-0

[Event "MCR mladeze v rapidu 2019"]
[Site "Trest"]
[Date "2019.09.07"]
[Round "3"]
[White "Day, Tobias"]
[Black "Mohapl, Tomas"]
[Result "1-0"]
[BlackElo "1543"]
[WhiteElo "1839"]
[LiveChessVersion "1.4.8"]

1. e4 {[%clk 0:20:08]} d5 {[%clk 0:20:09]} 2. exd5 {[%clk 0:20:08]} Nf6
{[%clk 0:20:12]} 3. Nf3 {[%clk 0:20:00]} Nxd5 {[%clk 0:20:14]} 4. d4
{[%clk 0:19:51]} g6 {[%clk 0:20:09]} 5. Be2 {[%clk 0:19:16]} Bg7 {[%clk 0:20:01]}
6. c4 {[%clk 0:18:24]} Nb6 {[%clk 0:19:44]} 7. Nc3 {[%clk 0:18:15]} O-O
{[%clk 0:19:25]} 8. O-O {[%clk 0:18:05]} Nc6 {[%clk 0:18:38]} 9. Be3
{[%clk 0:16:35]} Bg4 {[%clk 0:16:16]} 10. d5 {[%clk 0:11:33]} Bxf3
{[%clk 0:13:35]} 11. Bxf3 {[%clk 0:11:09]} Ne5 {[%clk 0:13:29]} 12. Bxb6
{[%clk 0:10:32]} axb6 {[%clk 0:13:16]} 13. Qe2 {[%clk 0:10:11]} Nxf3+
{[%clk 0:11:20]} 14. Qxf3 {[%clk 0:10:02]} Qd6 {[%clk 0:10:41]} 15. Rfd1
{[%clk 0:09:20]} Qb4 {[%clk 0:09:19]} 16. Qe2 {[%clk 0:07:53]} Bf6
{[%clk 0:05:42]} 17. Rac1 {[%clk 0:06:45]} Ra5 {[%clk 0:04:11]} 18. Rc2
{[%clk 0:05:56]} Rfa8 {[%clk 0:03:43]} 19. a3 {[%clk 0:05:10]} Qd6
{[%clk 0:01:53]} 20. Nb5 {[%clk 0:04:16]} Qd7 {[%clk 0:01:24]} 21. b4
{[%clk 0:02:42]} R5a6 {[%clk 0:00:53]} 22. c5 {[%clk 0:01:42]} bxc5
{[%clk 0:00:35]} 23. Rxc5 {[%clk 0:01:35]} Rc8 {[%clk 0:00:39]} 24. Qc2 1-0

[Event "MCR mladeze v rapidu 2019"]
[Site "Trest"]
[Date "2019.09.07"]
[Round "3"]
[White "Prazak, Daniel"]
[Black "Soucek, Jan"]
[Result "1-0"]
[BlackElo "1778"]
[WhiteElo "1681"]
[LiveChessVersion "1.4.8"]

1. d4 {[%clk 0:20:09]} Nf6 {[%clk 0:20:00]} 2. c4 {[%clk 0:20:11]} e6
{[%clk 0:20:03]} 3. Nf3 {[%clk 0:20:14]} c5 {[%clk 0:19:53]} 4. Nc3
{[%clk 0:19:26]} d5 5. cxd5 {[%clk 0:19:07]} exd5 {[%clk 0:19:13]} 6. g3
{[%clk 0:19:03]} Nc6 {[%clk 0:18:51]} 7. Bg2 {[%clk 0:18:36]} Be6
{[%clk 0:18:29]} 8. O-O {[%clk 0:18:18]} h6 {[%clk 0:18:23]} 9. b3
{[%clk 0:17:13]} Rc8 {[%clk 0:16:04]} 10. Bb2 {[%clk 0:16:46]} cxd4
{[%clk 0:14:44]} 11. Nb5 {[%clk 0:15:50]} Bc5 {[%clk 0:14:44]} 12. Nbxd4
{[%clk 0:15:50]} O-O {[%clk 0:12:42]} 13. Rc1 {[%clk 0:14:27]} Be7
{[%clk 0:09:46]} 14. e3 {[%clk 0:13:33]} Ne4 {[%clk 0:09:32]} 15. Nd2
{[%clk 0:12:38]} Nxd4 {[%clk 0:07:15]} 16. Bxd4 {[%clk 0:11:55]} Rxc1
{[%clk 0:07:03]} 17. Qxc1 {[%clk 0:11:56]} f5 18. Nxe4 {[%clk 0:11:42]} dxe4
{[%clk 0:05:40]} 19. Qb2 {[%clk 0:10:56]} Bf6 {[%clk 0:04:34]} 20. Rd1
{[%clk 0:10:33]} Qd6 {[%clk 0:03:02]} 21. Bf1 {[%clk 0:10:00]} Rc8
{[%clk 0:01:42]} 22. Be2 {[%clk 0:09:35]} Bxd4 {[%clk 0:01:12]} 23. Rxd4
{[%clk 0:09:28]} Qc6 {[%clk 0:01:16]} 24. Bc4 {[%clk 0:09:31]} Kf7
{[%clk 0:00:38]} 25. Qa3 {[%clk 0:09:09]} a6 {[%clk 0:00:16]} 26. Rd6
{[%clk 0:09:09]} Qe8 {[%clk 0:00:09]} 27. Rxe6 {[%clk 0:09:03]} Rxc4
{[%clk 0:00:13]} 28. Rxe8 {[%clk 0:09:04]} 1-0

[Event "MCR mladeze v rapidu 2019"]
[Site "Trest"]
[Date "2019.09.07"]
[Round "3"]
[White "Seidl, Jan"]
[Black "Hladky, Tadeas"]
[Result "0-1"]
[BlackElo "1716"]
[WhiteElo "1647"]
[LiveChessVersion "1.4.8"]

1. d4 {[%clk 0:20:07]} Nf6 {[%clk 0:20:09]} 2. c4 {[%clk 0:20:09]} g6
{[%clk 0:20:12]} 3. g3 {[%clk 0:20:01]} Bg7 {[%clk 0:19:55]} 4. Bg2
{[%clk 0:20:03]} d5 {[%clk 0:19:59]} 5. cxd5 {[%clk 0:19:51]} Nxd5
{[%clk 0:20:02]} 6. Nf3 {[%clk 0:19:30]} Nc6 {[%clk 0:19:34]} 7. Nc3
{[%clk 0:18:44]} Nb6 {[%clk 0:19:18]} 8. e3 {[%clk 0:18:29]} O-O {[%clk 0:19:01]}
9. O-O {[%clk 0:18:01]} Bg4 {[%clk 0:18:24]} 10. h3 {[%clk 0:17:39]} Bxf3
{[%clk 0:18:24]} 11. Bxf3 {[%clk 0:17:05]} Qd7 {[%clk 0:18:24]} 12. Bg2
{[%clk 0:17:06]} Rad8 {[%clk 0:18:14]} 13. Qe2 {[%clk 0:15:27]} e5
{[%clk 0:17:01]} 14. dxe5 {[%clk 0:13:03]} Nxe5 {[%clk 0:15:41]} 15. Rd1
{[%clk 0:12:21]} Qc8 {[%clk 0:15:21]} 16. Bd2 {[%clk 0:10:47]} Nec4
{[%clk 0:15:24]} 17. Be1 {[%clk 0:09:51]} c6 {[%clk 0:14:27]} 18. b3
{[%clk 0:07:49]} Nd6 {[%clk 0:13:21]} 19. Rac1 {[%clk 0:07:34]} Qe6
{[%clk 0:12:10]} 20. Qc2 {[%clk 0:05:54]} Nf5 {[%clk 0:09:44]} 21. Ne2
{[%clk 0:04:34]} Rfe8 {[%clk 0:07:07]} 22. Nf4 {[%clk 0:04:11]} Qe7
{[%clk 0:07:11]} 23. Bc3 {[%clk 0:04:00]} Nxe3 {[%clk 0:05:51]} 24. fxe3
{[%clk 0:03:26]} Qxe3+ {[%clk 0:05:53]} 25. Qf2 {[%clk 0:03:29]} Rxd1+
{[%clk 0:05:53]} 26. Rxd1 {[%clk 0:03:30]} Qxf2+ {[%clk 0:05:05]} 27. Kxf2
{[%clk 0:03:31]} Bxc3 {[%clk 0:05:08]} 28. Ne2 {[%clk 0:03:02]} Bg7
{[%clk 0:04:38]} 29. a4 {[%clk 0:02:58]} Bf6 {[%clk 0:03:36]} 30. a5
{[%clk 0:02:41]} Nd5 {[%clk 0:03:14]} 31. Bxd5 {[%clk 0:02:38]} cxd5
{[%clk 0:03:18]} 32. Rxd5 {[%clk 0:02:42]} Re5 {[%clk 0:03:01]} 33. Rd7
{[%clk 0:01:46]} Rb5 {[%clk 0:02:09]} 34. a6 {[%clk 0:01:40]} bxa6
{[%clk 0:01:28]} 35. Rxa7 {[%clk 0:01:44]} a5 {[%clk 0:01:15]} 36. Ra6
{[%clk 0:01:18]} Kg7 {[%clk 0:01:19]} 37. g4 {[%clk 0:00:55]} Bh4+
{[%clk 0:00:59]} 38. Kf1 {[%clk 0:00:58]} Bd8 {[%clk 0:01:02]} 39. Ra8
{[%clk 0:00:52]} Bb6 {[%clk 0:00:54]} 40. Nc1 {[%clk 0:00:39]} Be3
{[%clk 0:00:44]} 41. Ne2 {[%clk 0:00:38]} Bd2 {[%clk 0:00:30]} 42. Nd4
{[%clk 0:00:34]} Rb4 {[%clk 0:00:27]} 43. Nc6 {[%clk 0:00:37]} Rxb3
{[%clk 0:00:31]} 44. Ke2 {[%clk 0:00:37]} Bb4 {[%clk 0:00:33]} 45. Nxb4
{[%clk 0:00:40]} axb4 {[%clk 0:00:37]} 46. Kd2 {[%clk 0:00:44]} Rxh3
{[%clk 0:00:40]} 47. Rb8 {[%clk 0:00:46]} b3 {[%clk 0:00:43]} 48. Kc1
{[%clk 0:00:50]} Rg3 {[%clk 0:00:40]} 49. Kd2 {[%clk 0:00:49]} b2
{[%clk 0:00:42]} 50. Rxb2 {[%clk 0:00:51]} Rg2+ {[%clk 0:00:46]} 51. Kc3
{[%clk 0:00:56]} Rxb2 {[%clk 0:00:49]} 52. Kxb2 {[%clk 0:01:00]} f5
{[%clk 0:00:53]} 53. gxf5 {[%clk 0:00:47]} gxf5 {[%clk 0:00:56]} 54. Kc2
{[%clk 0:00:52]} h5 {[%clk 0:00:58]} 55. Kd3 {[%clk 0:00:55]} Kg6
{[%clk 0:00:59]} 56. Ke3 {[%clk 0:00:59]} Kg5 {[%clk 0:01:02]} 57. Kf3
{[%clk 0:01:04]} h4 {[%clk 0:01:02]} 58. Kf2 {[%clk 0:01:07]} Kg4
{[%clk 0:01:05]} 59. Kg2 {[%clk 0:01:11]} h3+ {[%clk 0:01:08]} 60. Kf2
{[%clk 0:01:12]} f4 {[%clk 0:01:08]} 61. Kg1 {[%clk 0:01:15]} Kg3
{[%clk 0:00:58]} 62. Kh1 {[%clk 0:01:09]} f3 {[%clk 0:00:55]} 63. Kg1
{[%clk 0:01:11]} f2+ {[%clk 0:00:48]} 0-1

[Event "MCR mladeze v rapidu 2019"]
[Site "Trest"]
[Date "2019.09.07"]
[Round "3"]
[White "Dudkova, Josefina"]
[Black "Havelkova, Beata"]
[Result "1-0"]
[BlackElo "1541"]
[WhiteElo "1407"]
[LiveChessVersion "1.4.8"]

1. e4 {[%clk 0:20:08]} c5 {[%clk 0:20:09]} 2. Nf3 {[%clk 0:20:10]} d6
{[%clk 0:20:12]} 3. d4 {[%clk 0:20:11]} cxd4 {[%clk 0:20:15]} 4. Nxd4
{[%clk 0:20:13]} Nf6 {[%clk 0:20:19]} 5. Nc3 {[%clk 0:20:15]} g6 {[%clk 0:20:22]}
6. f4 {[%clk 0:20:15]} Nc6 {[%clk 0:20:12]} 7. Nxc6 {[%clk 0:18:40]} bxc6
{[%clk 0:20:10]} 8. e5 {[%clk 0:18:32]} Nd7 {[%clk 0:19:36]} 9. exd6
{[%clk 0:16:37]} exd6 {[%clk 0:19:37]} 10. Qd4 {[%clk 0:16:26]} Qf6
{[%clk 0:18:35]} 11. Qxf6 {[%clk 0:16:05]} Nxf6 {[%clk 0:18:38]} 12. Bd2
{[%clk 0:15:52]} Bg7 {[%clk 0:18:38]} 13. O-O-O {[%clk 0:15:24]} O-O
{[%clk 0:18:38]} 14. h3 {[%clk 0:14:52]} a5 {[%clk 0:17:54]} 15. g4
{[%clk 0:14:37]} Bb7 {[%clk 0:17:16]} 16. f5 {[%clk 0:13:45]} c5 {[%clk 0:16:30]}
17. Rg1 {[%clk 0:13:38]} Bf3 {[%clk 0:13:46]} 18. Re1 {[%clk 0:12:58]} Rfe8
{[%clk 0:13:10]} 19. Rxe8+ {[%clk 0:11:39]} Rxe8 {[%clk 0:13:10]} 20. Bg2
{[%clk 0:11:34]} Bxg2 {[%clk 0:12:52]} 21. Rxg2 {[%clk 0:11:36]} Ne4
{[%clk 0:11:32]} 22. Re2 {[%clk 0:10:42]} Nf6 {[%clk 0:11:18]} 23. Rxe8+
{[%clk 0:10:32]} Nxe8 {[%clk 0:11:21]} 24. fxg6 {[%clk 0:10:16]} hxg6
{[%clk 0:11:05]} 25. Nd5 {[%clk 0:10:09]} Nf6 {[%clk 0:10:40]} 26. Nxf6+
{[%clk 0:10:04]} Bxf6 {[%clk 0:10:43]} 27. Bxa5 {[%clk 0:10:07]} Kf8
{[%clk 0:10:05]} 28. b4 {[%clk 0:09:21]} Bc3 {[%clk 0:09:46]} 29. a3
{[%clk 0:09:01]} Ke7 {[%clk 0:09:23]} 30. Kd1 {[%clk 0:08:32]} Kd7
{[%clk 0:09:01]} 31. Ke2 {[%clk 0:08:30]} d5 {[%clk 0:08:40]} 32. Kd3
{[%clk 0:07:37]} d4 {[%clk 0:08:36]} 33. Kc4 {[%clk 0:07:33]} Kc6
{[%clk 0:08:31]} 34. b5+ Kb7 {[%clk 0:08:07]} 35. Bxc3 {[%clk 0:07:24]} dxc3
{[%clk 0:08:10]} 36. Kxc3 {[%clk 0:07:27]} Kb6 {[%clk 0:08:13]} 37. a4
{[%clk 0:07:17]} Ka5 {[%clk 0:08:00]} 38. Kc4 {[%clk 0:06:46]} f5
{[%clk 0:07:49]} 39. gxf5 {[%clk 0:06:32]} gxf5 {[%clk 0:07:51]} 40. Kxc5
{[%clk 0:06:25]} f4 {[%clk 0:07:55]} 41. Kd4 {[%clk 0:06:24]} f3 {[%clk 0:07:55]}
42. Ke3 {[%clk 0:06:27]} f2 {[%clk 0:07:58]} 43. Kxf2 {[%clk 0:06:29]} Kb6
{[%clk 0:07:56]} 44. h4 {[%clk 0:06:31]} 1-0